La psychologie des individus et des sociétés chez Taine historien des littératures / (Record no. 87882)

MARC details
000 -LEADER
campo de control de longitud fija 00513nam a2200157 i 4500
001 - NÚMERO DE CONTROL
campo de control 87882
003 - IDENTIFICADOR DE NÚMERO DE CONTROL
campo de control ES-MaACL
007 - CAMPO FIJO DE DESCRIPCIÓN FÍSICA--INFORMACIÓN GENERAL
campo de control de longitud fija t|
008 - DATOS DE LONGITUD FIJA--INFORMACIÓN GENERAL
campo de control de longitud fija 041227s1906 fr ||||1| fre d
100 1# - ENTRADA PRINCIPAL--NOMBRE DE PERSONA
Nombre de persona Lacombe, Paul.
9 (RLIN) 69384
245 13 - MENCIÓN DEL TÍTULO
Título La psychologie des individus et des sociétés chez Taine historien des littératures /
Mención de responsabilidad, etc. etude critique par Paul Lacombe.
260 ## - PUBLICACIÓN, DISTRIBUCIÓN, ETC.
Lugar de publicación, distribución, etc. Paris :
Nombre del editor, distribuidor, etc. [s.n.],
Fecha de publicación, distribución, etc. 1906 (
Lugar de fabricación/manufactura Versailles :
Fabricante Imp. Cerf)
300 ## - DESCRIPCIÓN FÍSICA
Extensión II, 374 p. ;
Dimensiones 22 cm.
852 ## - LOCALIZACIÓN
Ubicación ES-MaACL
Número de control de estantería B-6624
852 ## - LOCALIZACIÓN
Ubicación ES-MaACL
Número de control de estantería B-6625
Holdings
Estatus retirado Estado de pérdida Estado de daño No para préstamo Biblioteca de origen Biblioteca actual Ubicación en estantería Fecha de adquisición Fuente de adquisición Total de préstamos Signatura topográfica completa Código de barras Visto por última vez Precio de reemplazo Tipo de ítem Koha
        Biblioteca del Ateneo de Madrid Biblioteca del Ateneo de Madrid Sala Pardo Bazán 17/01/2008     B-6625 1091806 23/02/2023 23/02/2023 Libro impreso
        Biblioteca del Ateneo de Madrid Biblioteca del Ateneo de Madrid Sala Pardo Bazán 17/01/2008     B-6624 1091805 23/02/2023 23/02/2023 Libro impreso